00241nam a2200109Ia 4500008004100000041000800041082000800049100002200057245001600079260002800095300000800123230822s2007 xx 000 0 und d aeng a747 aMC QUAID MATILDA. aSHIGERU BAN bPHAIDON PRESS LTDc2007 a415